Algunas consideraciones sobre la tuberculosis renal, por el doctor Z. Cuellar Duran. (Registro nro. 644043)

Detalles MARC
001 - NÚMERO DE CONTROL
campo de control 1313795
005 - FECHA Y HORA DE LA ÚLTIMA TRANSACCIÓN
campo de control 20240202111327.0
008 - DATOS DE LONGITUD FIJA--INFORMACIÓN GENERAL
campo de control de longitud fija 130201s1911 spa
035 ## - NÚMERO DE CONTROL DEL SISTEMA
Número de control de sistema 1313795
040 ## - FUENTE DE LA CATALOGACIÓN
Centro/agencia transcriptor comduadb
041 ## - CÓDIGO DE LENGUA
Código de lengua del texto/banda sonora o título independiente spa
245 14 - MENCIÓN DE TÍTULO
Título Algunas consideraciones sobre la tuberculosis renal, por el doctor Z. Cuellar Duran.
260 ## - PUBLICACIÓN, DISTRIBUCIÓN, ETC.
Fecha de publicación, distribución, etc. Jul y Ago - 1911.
650 ## - PUNTO DE ACCESO ADICIONAL DE MATERIA--TÉRMINO DE MATERIA
Término de materia o nombre geográfico como elemento de entrada Cistitis
9 (RLIN) 37219
650 ## - PUNTO DE ACCESO ADICIONAL DE MATERIA--TÉRMINO DE MATERIA
Término de materia o nombre geográfico como elemento de entrada Nefrectomía
9 (RLIN) 163457
650 ## - PUNTO DE ACCESO ADICIONAL DE MATERIA--TÉRMINO DE MATERIA
Término de materia o nombre geográfico como elemento de entrada Polimorfismos
9 (RLIN) 125626
650 ## - PUNTO DE ACCESO ADICIONAL DE MATERIA--TÉRMINO DE MATERIA
Término de materia o nombre geográfico como elemento de entrada Tuberculosis renal
9 (RLIN) 19358
773 0# - ENLACE AL DOCUMENTO FUENTE/ENTRADA DE REGISTRO ANFITRIÓN
Título Revista Médica (Bogotá)
Parte(s) relacionada(s) Vol. 29, No. 349 - 350, Jul y Ago - 1911., P. 194 - 215.
Número de control del registro 486243
Número bibliográfico anfitrión 128049
942 ## - ELEMENTOS DE ENTRADA AGREGADA (KOHA)
Tipo de ítem Koha Artículo de Revista

No hay ítems disponibles.